Ai rồi cũng khác

Gorde:
Xehetasun bibliografikoak
Egile nagusia: Iris, Cao
Formatua: Liburua
Hizkuntza:Undetermined
Argitaratua: Hà Nội Văn học 2015
Gaiak:
Etiketak: Etiketa erantsi
Etiketarik gabe, Izan zaitez lehena erregistro honi etiketa jartzen!
Thư viện lưu trữ: Trung tâm Học liệu Trường Đại học Cần Thơ
LEADER 00577nam a2200205Ia 4500
001 CTU_196595
008 210402s9999 xx 000 0 und d
020 |c 69000 
082 |a 895.92284 
082 |b I.68 
100 |a Iris, Cao 
245 0 |a Ai rồi cũng khác 
245 0 |c Iris Cao, Hamlet Trương 
260 |a Hà Nội 
260 |b Văn học 
260 |c 2015 
650 |a Vietnamese literature,Văn học Việt Nam 
650 |y 21st century,Thế kỷ 21 
904 |i Tuyến 
980 |a Trung tâm Học liệu Trường Đại học Cần Thơ